सुनहरा दू:ख / (Record no. 114247)

MARC details
000 -LEADER
fixed length control field 01183nam a22002657a 4500
005 - DATE AND TIME OF LATEST TRANSACTION
control field 20170124103005.0
010 ## - LIBRARY OF CONGRESS CONTROL NUMBER
LC control number B-074046
020 ## - INTERNATIONAL STANDARD BOOK NUMBER
Terms of availability 125.00
International Standard Book Number 8190167006
035 ## - SYSTEM CONTROL NUMBER
System control number B-074046
037 ## - SOURCE OF ACQUISITION
Source of stock number/acquisition Cen Lib/Ret
040 ## - CATALOGING SOURCE
Original cataloging agency DPL
Language of cataloging HN
082 ## - DEWEY DECIMAL CLASSIFICATION NUMBER
Classification number
Item number गंगोपा
100 ## - MAIN ENTRY--PERSONAL NAME
Personal name गंगापाध्याय, सुनील
9 (RLIN) 9382
245 ## - TITLE STATEMENT
Title सुनहरा दू:ख /
Statement of responsibility, etc सुनील गंगोपाध्याय; अनुवादका ममता खरे
246 ## - VARYING FORM OF TITLE
Title proper/short title Sunhara dukh /
Remainder of title bySuneel Gangopadhyaya; anuvadika Mamta Khare
260 ## - PUBLICATION, DISTRIBUTION, ETC. (IMPRINT)
Place of publication, distribution, etc दिल्ली
Name of publisher, distributor, etc सन्मार्ग साहित्य परिषद
Date of publication, distribution, etc 2003
270 ## - ADDRESS
Address माकन न. 29/32 बी, गली न. 12 विश्वास नगर
City दिल्ली
Postal code 110032
300 ## - PHYSICAL DESCRIPTION
Extent 88पृ.
Dimensions 19सेमी(सजिल्द )
650 ## - SUBJECT ADDED ENTRY--TOPICAL TERM
Topical term or geographic name as entry element हिंदी साहित्य
General subdivision
Geographic subdivision
9 (RLIN) 56061
650 ## - SUBJECT ADDED ENTRY--TOPICAL TERM
Topical term or geographic name as entry element हिंदी कहानियां
9 (RLIN) 2082
650 ## - SUBJECT ADDED ENTRY--TOPICAL TERM
Topical term or geographic name as entry element Hindi literature
Form subdivision
9 (RLIN) 56062
650 ## - SUBJECT ADDED ENTRY--TOPICAL TERM
Topical term or geographic name as entry element Hindi stories
9 (RLIN) 56063
700 ## - ADDED ENTRY--PERSONAL NAME
Personal name खरे, ममता
9 (RLIN) 2233
942 ## - ADDED ENTRY ELEMENTS (KOHA)
Source of classification or shelving scheme Dewey Decimal Classification
Koha item type Hindi Books
Classification part
Call number suffix गंगोपा
Holdings
Withdrawn status Lost status Damaged status Not for loan Home library Current library Date acquired Source of acquisition Cost, normal purchase price Total Checkouts Full call number Barcode Date last seen Copy number Cost, replacement price Price effective from Koha item type Public note
Written off       Central Library Central Library 17/08/2015 Cen Lib/Ret 125.00   क गंगोपा B-074046 17/08/2015 1 125.00 17/08/2015 Hindi Books Written off on approval by DLB (By Circulation); dtd 20.12.2022

© Delhi Public Library
Hit Counter
free hit counter